<?xml version="1.0" encoding="UTF-8"?>
<collection xmlns="http://www.loc.gov/MARC21/slim">
 <record>
  <leader>01570nam0a2200253   4500</leader>
  <controlfield tag="001">in00000004486</controlfield>
  <controlfield tag="005">20230616154808.3</controlfield>
  <datafield tag="010" ind1=" " ind2=" ">
   <subfield code="a">978-7-02-016602-2</subfield>
   <subfield code="d">CNY49.00</subfield>
  </datafield>
  <datafield tag="035" ind1=" " ind2=" ">
   <subfield code="a">010542415</subfield>
  </datafield>
  <datafield tag="100" ind1=" " ind2=" ">
   <subfield code="a">20210701d2021    em y0chiy50      ea</subfield>
  </datafield>
  <datafield tag="101" ind1="0" ind2=" ">
   <subfield code="a">chi</subfield>
  </datafield>
  <datafield tag="102" ind1=" " ind2=" ">
   <subfield code="a">CN</subfield>
   <subfield code="b">110000</subfield>
  </datafield>
  <datafield tag="105" ind1=" " ind2=" ">
   <subfield code="a">a   z   000yy</subfield>
  </datafield>
  <datafield tag="106" ind1=" " ind2=" ">
   <subfield code="a">r</subfield>
  </datafield>
  <datafield tag="200" ind1="1" ind2=" ">
   <subfield code="a">大辫子与蝴蝶结</subfield>
   <subfield code="9">da bian zi yu hu die jie</subfield>
   <subfield code="d">Pigtail and bowknot</subfield>
   <subfield code="f">南帆，夏无双著</subfield>
   <subfield code="z">eng</subfield>
  </datafield>
  <datafield tag="210" ind1=" " ind2=" ">
   <subfield code="a">北京</subfield>
   <subfield code="c">人民文学出版社</subfield>
   <subfield code="d">2021</subfield>
  </datafield>
  <datafield tag="215" ind1=" " ind2=" ">
   <subfield code="a">374页</subfield>
   <subfield code="c">图</subfield>
   <subfield code="d">19cm</subfield>
  </datafield>
  <datafield tag="330" ind1=" " ind2=" ">
   <subfield code="a">本书是南帆和夏无双的父女对话集，用时尚的语言来说，这是“前浪”和 “后浪” 的对话，话题涉及广泛，诸如卡通漫画、机器与人、动植物、校园生活等等，曾在文学杂志《芳草》连载，得到许多读者的喜欢。当代社会，不仅对于中国人，对于地球人类来说，都是几千年未有之大变局的时代，或者是，是一个文化裂变的时代。对于每一个家庭来说，更是如此。代沟现象，从没有像当今这样显得深不可测，也产生了众多难以言说的现象。本书把很多家长、孩子害怕的代沟现象，一一展示在众人面前，它不是抹除代沟，而在代沟两边各建一段桥，让家长和孩子能互相走向对方。</subfield>
  </datafield>
  <datafield tag="510" ind1="1" ind2=" ">
   <subfield code="a">Pigtail and bowknot</subfield>
   <subfield code="z">eng</subfield>
  </datafield>
  <datafield tag="606" ind1="0" ind2=" ">
   <subfield code="a">家庭教育</subfield>
  </datafield>
  <datafield tag="690" ind1=" " ind2=" ">
   <subfield code="a">G78</subfield>
   <subfield code="v">5</subfield>
  </datafield>
  <datafield tag="701" ind1=" " ind2="0">
   <subfield code="a">南帆</subfield>
   <subfield code="9">nan fan</subfield>
   <subfield code="f">(1957-)</subfield>
   <subfield code="4">著</subfield>
  </datafield>
  <datafield tag="701" ind1=" " ind2="0">
   <subfield code="a">夏无双</subfield>
   <subfield code="9">xia wu shuang</subfield>
   <subfield code="f">(1989-)</subfield>
   <subfield code="4">著</subfield>
  </datafield>
  <datafield tag="999" ind1="f" ind2="f">
   <subfield code="s">f15020b3-78c8-4f4e-a7f9-438e3b217605</subfield>
   <subfield code="i">7aebc1a7-9dbc-4259-8378-5a7995ded617</subfield>
  </datafield>
 </record>
</collection>
